[Event "Tournoi Skype 019B"]
[Site "Skype"]
[Date "????.??.??"]
[Round "2.1"]
[White "Vello, Pablo"]
[Black "Perez Fermin, Jose"]
[Result "0-1"]
[WhiteElo "1365"]
[BlackElo "1542"]
[PlyCount "116"]

1. d4 d5 2. Nf3 Nf6 3. Bf4 Bf5 4. e3 c6 5. Be2 Nbd7 6. c3 Qb6 7. Qb3 e6 8. Nbd2
c5 9. Bb5 c4 10. Bxd7+ Nxd7 11. Qd1 Qxb2 12. Qc1 Qb6 13. Nh4 Bd3 14. Nhf3 Bd6
15. Bxd6 Qxd6 16. Qb2 b6 17. Qb4 Qxb4 18. cxb4 O-O 19. Ne5 Nxe5 20. dxe5 b5 21.
f3 a5 22. Kf2 axb4 23. e4 Ra7 24. exd5 exd5 25. Ke3 Rd8 26. Kd4 Rc7 27. Rhe1
Kf8 28. f4 Bc2 29. Rac1 Ba4 30. Nf3 b3 31. axb3 Bxb3 32. Kc3 Rb7 33. Kb4 Ke7
34. Nd4 Ba4 35. Nc6+ Kd7 36. Nxd8 Kxd8 37. Re2 d4 38. Rd2 d3 39. g4 Rd7 40. Rb1
Rd4 41. Rf1 Re4 42. Rff2 Re1 43. Kc5 Kd7 44. h4 Rg1 45. Rg2 Rxg2 46. Rxg2 c3
47. Kd4 d2 48. Kxc3 d1=Q 49. Rd2+ Qxd2+ 50. Kxd2 Ke6 51. Kc3 Kd5 52. Kd3 b4 53.
g5 Bb5+ 54. Kc2 Bc4 55. h5 Ke4 56. g6 hxg6 57. hxg6 fxg6 58. Kd2 Kxf4 0-1

[Event "Tournoi Skype 019B"]
[Site "Skype"]
[Date "????.??.??"]
[Round "2.2"]
[White "Vincent, Andre"]
[Black "Malbec, Robert"]
[Result "0-1"]
[WhiteElo "1362"]
[BlackElo "1504"]
[PlyCount "78"]

1. e4 e5 2. Nf3 Nc6 3. Bc4 Bc5 4. Nc3 Nf6 5. O-O d6 6. h3 O-O 7. d3 h6 8. Re1
Re8 9. Be3 Bxe3 10. Rxe3 Be6 11. Bxe6 Rxe6 12. Nd5 Ne7 13. c4 c6 14. Nxf6+ Rxf6
15. Nh2 Ng6 16. g3 Qd7 17. Qg4 Qc7 18. Rf3 Rxf3 19. Qxf3 Rf8 20. Qe3 b6 21. b4
c5 22. b5 Qd7 23. Kg2 f5 24. Rf1 f4 25. Qf3 fxg3 26. Qxg3 Nf4+ 27. Kh1 Nxh3 28.
Ng4 Ng5 29. f4 exf4 30. Rxf4 Rxf4 31. Qxf4 Qe7 32. Kg2 h5 33. Nh6+ gxh6 34. Qh4
Qf7 35. Qf2 Qe6 36. Qf5 Qxf5 37. exf5 Kf7 38. Kg3 Kf6 39. Kf4 Nh3+ 0-1

[Event "Tournoi Skype 019B"]
[Site "Skype"]
[Date "????.??.??"]
[Round "2.3"]
[White "Marino, Giuseppe"]
[Black "Mordaa, Ahmad"]
[Result "1/2-1/2"]
[WhiteElo "1349"]
[BlackElo "1471"]
[PlyCount "125"]

1. d4 Nf6 2. Nf3 g6 3. c4 Bg7 4. e3 d6 5. Bd3 O-O 6. b3 Nc6 7. a3 e5 8. Nbd2
exd4 9. exd4 Re8+ 10. Kf1 Nh5 11. Bb2 Nf4 12. Qc2 Nxd3 13. Qxd3 Bf5 14. Qc3 d5
15. Re1 Qd6 16. h3 Rxe1+ 17. Kxe1 Re8+ 18. Kd1 Nd8 19. Re1 Rxe1+ 20. Kxe1 Qe7+
21. Kd1 c5 22. cxd5 cxd4 23. Nxd4 Qd6 24. N2f3 Qxd5 25. Qd2 Ne6 26. Nxf5 Qxb3+
27. Qc2 Qxc2+ 28. Kxc2 gxf5 29. Bxg7 Kxg7 30. Kd3 b5 31. Kc3 Kf6 32. Kb4 a6 33.
Ka5 Nc7 34. Kb6 a5 35. Kxa5 Ke6 36. Kb6 Kd6 37. Ng5 f6 38. Nxh7 f4 39. Nxf6 Ke6
40. Nd7 Kxd7 41. h4 b4 42. axb4 Nd5+ 43. Kb5 Kc7 44. h5 Nf6 45. h6 Kb7 46. f3
Nh7 47. Ka5 Nf6 48. b5 Ka7 49. b6+ Kb7 50. Kb5 Kb8 51. Ka6 Ka8 52. b7+ Kb8 53.
Kb6 Nh7 54. Ka6 Nf8 55. Kb6 Nh7 56. Ka6 Nf6 57. Kb6 Nd7+ 58. Kc6 Nf6 59. Kb6
Nd5+ 60. Kc6 Ne7+ 61. Kb6 Ng6 62. Ka6 Nf8 63. Kb6 1/2-1/2

[Event "Tournoi Skype 019B"]
[Site "Skype"]
[Date "????.??.??"]
[Round "2.4"]
[White "Salazar Ticeran, Antonio"]
[Black "Porcabeuf, Jean-Marc"]
[Result "1-0"]
[WhiteElo "1469"]
[BlackElo "1359"]
[PlyCount "143"]

1. e4 e5 2. Bc4 Nc6 3. Nf3 d6 4. O-O Be7 5. h3 h6 6. d3 Nf6 7. Nc3 O-O 8. Be3
Na5 9. Bb3 c6 10. Qd2 b5 11. Nxb5 cxb5 12. a4 Nxb3 13. cxb3 Bd7 14. Ra2 a6 15.
Rfa1 Qc7 16. a5 d5 17. Bb6 Qd6 18. Rc1 Qe6 19. exd5 Nxd5 20. Re1 Bf6 21. d4 Nf4
22. dxe5 Bg5 23. Nxg5 hxg5 24. Raa1 Rfe8 25. Rad1 Bc6 26. Qd6 Nxh3+ 27. gxh3
Qxh3 28. Qxc6 Rac8 29. Qd5 Re6 30. Re3 Qg4+ 31. Rg3 Qf4 32. Qg2 Rxe5 33. Be3
Qf5 34. Rxg5 Qc2 35. Rxg7+ Kf8 36. Rg8+ Ke7 37. Rxc8 Qxd1+ 38. Kh2 Qh5+ 39. Kg3
Qg6+ 40. Kf3 Rf5+ 41. Bf4 Qd6 42. Rc7+ Qxc7 43. Qg4 Qc6+ 44. Kg3 Rf6 45. Bg5
Qd6+ 46. Kh3 Kf8 47. Bxf6 Qxf6 48. Qc8+ Kg7 49. Qg4+ Kf8 50. Qc8+ Kg7 51. Qc3
Qxc3+ 52. bxc3 Kf6 53. Kg4 Ke7 54. Kf5 Kd6 55. Kf6 Kc5 56. Kxf7 b4 57. c4 Kd4
58. f4 Kc3 59. c5 Kxb3 60. c6 Ka4 61. c7 Kxa5 62. c8=Q b3 63. Qc3+ Ka4 64. f5
a5 65. f6 Ka3 66. Ke6 a4 67. f7 Ka2 68. f8=Q a3 69. Qf2+ b2 70. Qc4+ Ka1 71.
Qc3 a2 72. Qcxb2# 1-0

[Event "Tournoi Skype 019B"]
[Site "Skype"]
[Date "????.??.??"]
[Round "2.5"]
[White "Gerbaux, Regis"]
[Black "Codina, Teresa"]
[Result "1/2-1/2"]
[WhiteElo "1435"]
[BlackElo "1321"]
[PlyCount "61"]

1. e4 e5 2. Nf3 Nc6 3. Bb5 a6 4. Bxc6 dxc6 5. O-O Bd6 6. d4 Bg4 7. dxe5 Bxe5 8.
h3 Bxf3 9. Qxf3 Nf6 10. Nc3 O-O 11. Bg5 Qd6 12. Rad1 Qb4 13. Rb1 Rad8 14. Rfd1
Rd6 15. Bd2 Qc4 16. Qe2 Qxe2 17. Nxe2 Nxe4 18. Bb4 c5 19. Bc3 Nxc3 20. bxc3 b5
21. f4 Bf6 22. Rxd6 cxd6 23. f5 h6 24. Rd1 Be5 25. g4 Re8 26. Kg2 Kh7 27. Ng3
Bxg3 28. Kxg3 Re3+ 29. Kh4 f6 30. Rxd6 Rxc3 31. Rxa6 1/2-1/2

[Event "Tournoi Skype 019B"]
[Site "Skype"]
[Date "????.??.??"]
[Round "2.6"]
[White "Torres, Vicky"]
[Black "De Coninck, Philippe"]
[Result "1-0"]
[WhiteElo "1321"]
[BlackElo "1426"]
[PlyCount "79"]

1. c4 e5 2. Nc3 Nf6 3. g3 c6 4. Bg2 Bb4 5. e3 Bxc3 6. bxc3 d5 7. cxd5 cxd5 8.
Ne2 Bd7 9. O-O Bc6 10. d4 e4 11. Nf4 Nbd7 12. Bb2 Nb6 13. Rc1 Nc4 14. Ba1 Qa5
15. Nh5 Nxh5 16. Qxh5 Qxa2 17. Bh3 O-O 18. Rfe1 g6 19. Qh6 f5 20. Qg5 Nd2 21.
Bg2 Rac8 22. h4 Be8 23. Qe7 Rf7 24. Qe6 Bd7 25. Qd6 Nc4 26. Qxd5 Bc6 27. Qc5 b6
28. Qb4 a5 29. Qb1 Qxb1 30. Rxb1 b5 31. Red1 Rd7 32. Kh2 Rdc7 33. d5 Bxd5 34.
Rxd5 Na3 35. Rb3 Nc2 36. Rb1 Nxa1 37. Rxa1 Rc5 38. Rd7 Rxc3 39. Rxa5 Rb8 40.
Raa7 1-0

[Event "Tournoi Skype 019B"]
[Site "Skype"]
[Date "????.??.??"]
[Round "2.7"]
[White "Perrone, Gabriel Lorenzo"]
[Black "Milanese, Serge"]
[Result "1/2-1/2"]
[WhiteElo "1421"]
[BlackElo "1314"]
[PlyCount "68"]

1. d4 Nf6 2. Bg5 d5 3. Bxf6 exf6 4. e3 a6 5. c4 Bb4+ 6. Nd2 Bxd2+ 7. Qxd2 Be6
8. Qb4 b6 9. Be2 Nd7 10. Bf3 c5 11. Qc3 O-O 12. Ne2 Rc8 13. Nf4 cxd4 14. Qxd4
Rxc4 15. Qd2 Ne5 16. Bxd5 Bxd5 17. Qxd5 Qxd5 18. Nxd5 Rc2 19. O-O Rxb2 20. Rfb1
Rd2 21. Nxb6 Rfd8 22. g3 Ng4 23. h3 Nxf2 24. h4 h5 25. Nc4 R2d3 26. Kxf2 g5 27.
Nb2 Rd2+ 28. Kf3 g4+ 29. Kf4 Re8 30. e4 Rf2+ 31. Ke3 Rf3+ 32. Kd2 Rxe4 33. Re1
Rxe1 34. Rxe1 Rxg3 1/2-1/2

[Event "Tournoi Skype 019B"]
[Site "Skype"]
[Date "????.??.??"]
[Round "2.8"]
[White "Bhandari, Dattatrey"]
[Black "Munoz Gonzalez, Martin"]
[Result "0-1"]
[WhiteElo "1232"]
[BlackElo "1420"]
[PlyCount "36"]

1. e4 c5 2. Nf3 d6 3. d4 cxd4 4. Nxd4 Nf6 5. Nc3 a6 6. Bc4 Nc6 7. Nxc6 bxc6 8.
Qf3 e6 9. Bg5 Be7 10. Bxf6 Bxf6 11. e5 Bxe5 12. O-O Bxc3 13. Qxc3 O-O 14. Rfe1
d5 15. Rad1 Qc7 16. Bb3 c5 17. Re5 c4 18. Qa5 Qxa5 0-1

[Event "Tournoi Skype 019B"]
[Site "Skype"]
[Date "????.??.??"]
[Round "2.9"]
[White "Kruk, Clementine"]
[Black "Battaglia, Gabriele"]
[Result "0-1"]
[WhiteElo "1419"]
[BlackElo "1288"]
[PlyCount "66"]

1. e4 e5 2. Nf3 d6 3. Bc4 Nf6 4. Ng5 Bg4 5. f3 Bh5 6. g4 Bg6 7. h4 h6 8. Nh3
Qd7 9. d3 Nc6 10. f4 Na5 11. f5 Nxc4 12. fxg6 fxg6 13. dxc4 Nxg4 14. Rg1 Nf6
15. Rxg6 Qxh3 16. Qd3 Qxh4+ 17. Qg3 Qh1+ 18. Qg1 Qxe4+ 19. Be3 Qxc2 20. b3 Qb2
21. Qg2 Qxa1 22. Qc2 e4 23. Ke2 Qe5 24. Nc3 Qh5+ 25. Kf2 Qh2+ 26. Rg2 Ng4+ 27.
Ke2 Qxg2+ 28. Ke1 Qxc2 29. Nd5 Nxe3 30. Nxc7+ Kd8 31. Nxa8 Be7 32. a4 Rf8 33.
Nc7 Rf1# 0-1

[Event "Tournoi Skype 019B"]
[Site "Skype"]
[Date "????.??.??"]
[Round "2.10"]
[White "Moumtaz, Abderrahim"]
[Black "Dubois, Real"]
[Result "0-1"]
[WhiteElo "1221"]
[BlackElo "1418"]
[PlyCount "44"]

1. d4 d5 2. c4 e6 3. Nf3 Nf6 4. Nc3 Be7 5. Bf4 b6 6. e3 Nbd7 7. Bd3 dxc4 8.
Bxc4 c5 9. O-O O-O 10. Re1 Bb7 11. Qe2 cxd4 12. exd4 Rc8 13. Rac1 Bxf3 14. Ba6
Bxe2 15. Bxc8 Bc4 16. Bxd7 Qxd7 17. a3 Qxd4 18. Red1 Qxf4 19. Ne2 Bxe2 20. Re1
Ba6 21. Rcd1 Bb7 22. g3 Qf3 0-1

[Event "Tournoi Skype 019B"]
[Site "Skype"]
[Date "????.??.??"]
[Round "2.11"]
[White "Ramirez Reina, Orlando"]
[Black "Bouffard, Georges"]
[Result "0-1"]
[WhiteElo "1417"]
[BlackElo "1234"]
[PlyCount "160"]

1. e4 e5 2. Nf3 Nc6 3. Bc4 d5 4. Bxd5 Bd6 5. d3 Nd4 6. Ng5 Nh6 7. c3 Ne6 8.
Nxe6 Bxe6 9. Bxe6 fxe6 10. Bxh6 gxh6 11. Qh5+ Kd7 12. Qxh6 Qe7 13. Nd2 Rhg8 14.
O-O Rg6 15. Qh3 c6 16. Nc4 Bc7 17. Ne3 Qf6 18. Qxh7+ Rg7 19. Qh3 Bb6 20. Rae1
Rag8 21. g3 Rg6 22. Qg2 Bc5 23. b4 Bd6 24. a4 b6 25. Nc4 Bf8 26. Nd2 Bh6 27.
Nf3 Bf4 28. Nh4 Qxh4 29. Kh1 Qg5 30. h4 Qh5 31. Qh3 Qf3+ 32. Kh2 Bd2 33. Rd1
Bxc3 34. b5 c5 35. h5 Rg4 36. h6 Rh8 37. h7 Rg7 38. Qg2 Qh5+ 39. Kg1 Rhxh7 40.
d4 Bxd4 41. a5 Qe2 42. axb6 axb6 43. Rfe1 Qxb5 44. Rb1 Qc6 45. Rec1 Rf7 46. Rc2
Qa4 47. Re2 Rh6 48. g4 Rg6 49. Kf1 b5 50. f3 Qc4 51. Ke1 Qd3 52. Rc2 Rxf3 53.
Rd1 Bf2+ 54. Qxf2 Qxd1+ 55. Kxd1 Rxf2 56. Rxf2 Rxg4 57. Re2 Rg1+ 58. Kc2 Ra1
59. Kb2 Ra4 60. Re3 Rb4+ 61. Kc3 Rc4+ 62. Kb3 Rd4 63. Kc3 b4+ 64. Kb3 Kc6 65.
Ka4 Kb6 66. Re1 Rd3 67. Ra1 b3 68. Ka3 c4 69. Rc1 Kb5 70. Kb2 Kb4 71. Rh1 c3+
72. Kb1 Rd2 73. Re1 c2+ 74. Kb2 Rd4 75. Re3 c1=Q+ 76. Kxc1 Rc4+ 77. Kb1 Ka3 78.
Re2 Rb4 79. Re3 Rd4 80. Re2 Rd1# 0-1

[Event "Tournoi Skype 019B"]
[Site "Skype"]
[Date "????.??.??"]
[Round "2.12"]
[White "Morientes, Felipe"]
[Black "Khatanhar, Mohit"]
[Result "1-0"]
[WhiteElo "1000"]
[BlackElo "1398"]
[PlyCount "50"]

1. d4 d5 2. c4 e6 3. Nc3 h6 4. Nf3 Nf6 5. g3 c5 6. cxd5 cxd4 7. Qa4+ Bd7 8.
Qxd4 exd5 9. Nxd5 Nxd5 10. Qxd5 Qc8 11. Bg2 Bb4+ 12. Bd2 Bxd2+ 13. Qxd2 O-O 14.
O-O Bh3 15. Rac1 Qg4 16. Ne5 Qe6 17. Bxb7 Bxf1 18. Rxf1 Qxe5 19. Bxa8 Qe6 20.
Bd5 Qe7 21. Rd1 Rd8 22. Bxf7+ Kxf7 23. Qxd8 Qxe2 24. Qd2 Qf3 25. Qd5+ Qxd5 1-0

[Event "Tournoi Skype 019B"]
[Site "Skype"]
[Date "????.??.??"]
[Round "2.13"]
[White "Bustos, Ricardo"]
[Black "Scata, Laura"]
[Result "1-0"]
[WhiteElo "1379"]
[BlackElo "1000"]
[PlyCount "69"]

1. d4 d5 2. Nf3 Nc6 3. c4 Nf6 4. Bg5 Bg4 5. e3 e6 6. Nc3 Bb4 7. cxd5 Qxd5 8.
Bxf6 gxf6 9. Be2 e5 10. dxe5 O-O-O 11. Qxd5 Rxd5 12. exf6 h5 13. O-O Bxc3 14.
bxc3 Ne5 15. c4 Rc5 16. Rfe1 Re8 17. Nxe5 Rexe5 18. f3 Bf5 19. e4 Bd7 20. Rad1
Re6 21. Rd5 Rxd5 22. cxd5 Rxf6 23. a3 Rg6 24. f4 Bh3 25. g3 h4 26. Bh5 Rg7 27.
Kf2 b5 28. Kf3 f5 29. exf5 Bxf5 30. Re8+ Kd7 31. Ra8 Rg5 32. fxg5 Kd6 33. Rxa7
Kxd5 34. Kf4 Be4 35. Rxc7 1-0

[Event "Tournoi Skype 019B"]
[Site "Skype"]
[Date "????.??.??"]
[Round "2.14"]
[White "Hernandez, George"]
[Black "Yilmazer, Seher"]
[Result "1-0"]
[WhiteElo "1397"]
[BlackElo "1000"]
[PlyCount "27"]

1. e4 e5 2. Nf3 Nc6 3. Bb5 Nd4 4. Nxd4 exd4 5. c3 dxc3 6. Nxc3 Nf6 7. e5 Ng4 8.
Qxg4 Be7 9. Qxg7 Rf8 10. Nd5 Bh4 11. d4 c6 12. O-O cxb5 13. Bh6 Be7 14. Nf6+
1-0

[Event "Tournoi Skype 019B"]
[Site "Skype"]
[Date "????.??.??"]
[Round "2.15"]
[White "Erten, Ozlem"]
[Black "Martin, Jean-Claude"]
[Result "0-1"]
[WhiteElo "1000"]
[BlackElo "1464"]
[PlyCount "50"]

1. e4 e5 2. Bc4 Nf6 3. Nc3 Bb4 4. Nf3 Bxc3 5. dxc3 Nc6 6. Qe2 O-O 7. O-O h6 8.
Bb5 a6 9. Bxc6 bxc6 10. Nxe5 Re8 11. Ng4 Nxg4 12. Qxg4 d6 13. Qf3 Qf6 14. Bf4
Qg6 15. Rfe1 Bg4 16. Qg3 Bh5 17. e5 Qxg3 18. Bxg3 d5 19. e6 fxe6 20. Bxc7 Bg6
21. Re2 Ra7 22. Bd6 Rd7 23. Bc5 e5 24. Rae1 e4 25. Rxe4 Bxe4 0-1

[Event "Tournoi Skype 019B"]
[Site "Skype"]
[Date "????.??.??"]
[Round "2.16"]
[White "Homme, Jim"]
[Black "Chavero, Victor"]
[Result "1/2-1/2"]
[WhiteElo "1193"]
[BlackElo "1394"]
[PlyCount "114"]

1. d4 d5 2. Nf3 Nc6 3. Nc3 Bf5 4. e3 Nb4 5. Bd3 Bxd3 6. cxd3 Nf6 7. O-O e6 8.
a3 Nc6 9. Re1 Be7 10. e4 O-O 11. e5 Nd7 12. Bf4 Re8 13. Ne4 dxe4 14. dxe4 Nf8
15. d5 exd5 16. exd5 Nb8 17. Qb3 b6 18. Rac1 Bc5 19. e6 fxe6 20. dxe6 Nxe6 21.
Rxe6 Rxe6 22. Qxe6+ Kh8 23. Bxc7 Qe7 24. Qxe7 Bxe7 25. Re1 Nc6 26. Ne5 Nd4 27.
Nf7+ Kg8 28. Rxe7 Nc6 29. Rd7 Re8 30. Kf1 Re7 31. Rxe7 Nxe7 32. Ne5 Nd5 33. Bd6
g5 34. Ke2 Kg7 35. Kf3 Kf6 36. Ke4 Ke6 37. Nf7 Nf6+ 38. Kd4 Kxf7 39. h3 Ke6 40.
Bc7 Nd5 41. Ke4 Nxc7 42. f4 gxf4 43. Kxf4 Kf6 44. Kg4 Kg6 45. h4 h5+ 46. Kf4
Ne6+ 47. Ke5 Ng7 48. Kf4 Nf5 49. g4 Nxh4 50. gxh5+ Kxh5 51. Ke4 Ng6 52. Kd5
Nf4+ 53. Kc6 a6 54. Kxb6 Nd3 55. Kxa6 Nxb2 56. Kb6 Nc4+ 57. Kb5 Nxa3+ 1/2-1/2

[Event "Tournoi Skype 019B"]
[Site "Skype"]
[Date "????.??.??"]
[Round "2.17"]
[White "Briere, Jean"]
[Black "Diaz, Jose Garcia"]
[Result "0-1"]
[WhiteElo "1529"]
[BlackElo "1000"]
[PlyCount "126"]

1. e4 c5 2. Nf3 d6 3. d4 cxd4 4. Nxd4 Nf6 5. Nc3 a6 6. Bd3 e5 7. Nf3 Be7 8. O-O
O-O 9. h3 Nc6 10. Be3 Be6 11. Qd2 Rc8 12. Rad1 Nb4 13. a3 Nxd3 14. Qxd3 Qc7 15.
Nd5 Bxd5 16. exd5 e4 17. Qb3 exf3 18. gxf3 Qxc2 19. Qxc2 Rxc2 20. b4 Ra2 21.
Bc1 Bd8 22. Rd3 Re8 23. Be3 Nd7 24. f4 h6 25. Kg2 g5 26. fxg5 Ne5 27. Rc3 hxg5
28. Kg3 f6 29. f4 Ng6 30. fxg5 fxg5 31. Rg1 Re2 32. Kf3 Rh2 33. Kg3 Ra2 34. Kg4
Re4+ 35. Kf3 Rh4 36. Kg3 Bf6 37. Rc8+ Kh7 38. Rc7+ Kh6 39. Rxb7 Be5+ 40. Kf3
Rxh3+ 41. Ke4 Rh4+ 42. Kf3 Rxa3 43. Ke2 Nf4+ 44. Bxf4 Bxf4 45. Rb6 Rh2+ 46. Rg2
Rxg2+ 47. Kf1 Rb2 48. Rxd6+ Kh5 49. Re6 Ra1+ 50. Re1 Rxe1+ 51. Kxe1 Rd2 52. d6
Rxd6 53. Ke2 Rb6 54. Kd3 Rxb4 55. Kc3 a5 56. Kc2 g4 57. Kd3 g3 58. Ke2 Kg4 59.
Kf1 Kh3 60. Ke2 Kh2 61. Kf1 g2+ 62. Ke2 g1=Q 63. Kd3 Qe3+ 0-1

[Event "Tournoi Skype 019B"]
[Site "Skype"]
[Date "????.??.??"]
[Round "2.18"]
[White "De Nobrega, George"]
[Black "Delmonte, Davide"]
[Result "1-0"]
[WhiteElo "1494"]
[BlackElo "1159"]
[PlyCount "67"]

1. e4 e5 2. Nf3 Nc6 3. Bc4 Bc5 4. d3 Nf6 5. Ng5 d5 6. exd5 Nxd5 7. Qf3 Nf6 8.
Nxf7 Bg4 9. Qg3 Bb4+ 10. Bd2 Qd4 11. c3 Bxc3 12. Bxc3 Qxc4 13. dxc4 Kxf7 14.
O-O Be2 15. Re1 Bxc4 16. Bxe5 Rhe8 17. Nc3 Nxe5 18. Rxe5 Rxe5 19. Qxe5 Rc8 20.
Qc5 Bd3 21. Qxa7 b6 22. Qb7 Re8 23. Qxc7+ Kg6 24. Qg3+ Kf7 25. Qxd3 Ng4 26.
Qd7+ Kf8 27. Qxg4 Kg8 28. Qd7 Rb8 29. Re1 h6 30. Re8+ Rxe8 31. Qxe8+ Kh7 32.
Nd5 b5 33. Ne7 b4 34. Qg8# 1-0

[Event "Tournoi Skype 019B"]
[Site "Skype"]
[Date "????.??.??"]
[Round "2.19"]
[White "Farthouat, Catherine"]
[Black "Coruble, Didier"]
[Result "0-1"]
[WhiteElo "1122"]
[BlackElo "1479"]
[PlyCount "52"]

1. c4 d5 2. b3 d4 3. Nf3 Nc6 4. Bb2 e5 5. d3 Be7 6. Nbd2 f5 7. g3 Nf6 8. Bg2
O-O 9. O-O a5 10. a3 f4 11. e3 Bf5 12. e4 Bg4 13. h3 Bh5 14. Qc1 h6 15. Nh4 g5
16. Nf5 f3 17. Nxf3 g4 18. N3h4 Bc5 19. Nxh6+ Kh7 20. Qg5 Qe7 21. N6f5 Qd7 22.
Rfe1 gxh3 23. Bxh3 Be7 24. f4 Bg6 25. fxe5 Nxe4 26. dxe4 Bxg5 0-1

[Event "Tournoi Skype 019B"]
[Site "Skype"]
[Date "????.??.??"]
[Round "2.20"]
[White "Bacha, Mehdi"]
[Black "Hernandez Lopez, Joaquin"]
[Result "0-1"]
[WhiteElo "1066"]
[BlackElo "1327"]
[PlyCount "78"]

1. d4 Nf6 2. e3 e6 3. f4 d6 4. Bd3 b6 5. Nf3 Bb7 6. O-O Be7 7. c3 O-O 8. Ne5
dxe5 9. fxe5 Nd5 10. Qh5 Qe8 11. Rf3 h6 12. Nd2 Bg5 13. Nc4 Nd7 14. Bd2 N7f6
15. Qh3 Qe7 16. b4 Nd7 17. a3 N5f6 18. Rff1 Ne4 19. Rae1 Nxd2 20. Nxd2 Rae8 21.
Re2 f6 22. Qg3 Rf7 23. Qe1 Ref8 24. Qb1 f5 25. Ref2 Bh4 26. Rf4 Qg5 27. Nf3
Bxf3 28. R1xf3 b5 29. Rh3 Qe7 30. Rhxh4 g5 31. Rf1 gxh4 32. Qe1 Qg5 33. Kf2 Rg7
34. Ke2 Rg6 35. Kd2 h3 36. Be2 hxg2 37. Rf2 g1=Q 38. Rf1 Q1xe3+ 39. Kd1 Qc1#
0-1

[Event "Tournoi Skype 019B"]
[Site "Skype"]
[Date "????.??.??"]
[Round "2.21"]
[White "Riviere, Perrine"]
[Black "Vervoort, Jean-Louis"]
[Result "1-0"]
[WhiteElo "1323"]
[BlackElo "1155"]
[PlyCount "72"]

1. e4 d5 2. d3 d4 3. Nf3 Nc6 4. Bf4 f6 5. e5 fxe5 6. Nxe5 Nxe5 7. Qh5+ Nf7 8.
g3 Nf6 9. Qb5+ Qd7 10. Qc5 c6 11. Bg2 Qe6+ 12. Kd2 Nd5 13. Bxd5 Qxd5 14. Qxd5
cxd5 15. Kd1 e5 16. Bd2 Bg4+ 17. Ke1 Bf3 18. Rg1 Bd6 19. Kf1 O-O 20. h4 e4 21.
g4 Bh2 22. g5 Bxg1 23. Kxg1 exd3 24. cxd3 Rfe8 25. Bb4 b6 26. Nd2 a5 27. Ba3
Re2 28. Nxf3 Rae8 29. Kf1 R2e6 30. Nxd4 Re5 31. f4 Re3 32. Kf2 Rh3 33. Nf3 Nxg5
34. fxg5 Re6 35. Kg2 Rxf3 36. Kxf3 Rf6+ 1-0

[Event "Tournoi Skype 019B"]
[Site "Skype"]
[Date "????.??.??"]
[Round "2.22"]
[White "Ruiz Gomez, Luz Alba"]
[Black "Martin, Elise"]
[Result "1-0"]
[WhiteElo "1307"]
[BlackElo "1070"]
[PlyCount "51"]

1. d4 d5 2. Bf4 e6 3. e3 Nf6 4. Nf3 Be7 5. c3 O-O 6. Bd3 h6 7. O-O Nc6 8. h3 b6
9. Nbd2 Bb7 10. Qb3 Na5 11. Qc2 Qd7 12. Ne5 Qe8 13. Rfe1 Bd6 14. Nf1 Bxe5 15.
Bxe5 Nd7 16. Bxc7 Rc8 17. Bd6 Nf6 18. Bxf8 Qxf8 19. Ng3 Qd6 20. Be2 e5 21. Nh5
exd4 22. Nxf6+ Qxf6 23. exd4 Re8 24. Bb5 Rxe1+ 25. Rxe1 Bc8 26. Re8# 1-0

[Event "Tournoi Skype 019B"]
[Site "Skype"]
[Date "????.??.??"]
[Round "2.23"]
[White "Lecluyse, Koenraad"]
[Black "Kazma, Erhan"]
[Result "1-0"]
[WhiteElo "1300"]
[BlackElo "1000"]
[PlyCount "39"]

1. d4 d5 2. Nf3 Nf6 3. Bf4 Bf5 4. e3 e6 5. Nbd2 Bd6 6. Bg3 O-O 7. c3 Re8 8. Bd3
c5 9. O-O c4 10. Bc2 Bxg3 11. fxg3 Bxc2 12. Qxc2 Ng4 13. Rae1 e5 14. Nxe5 Nxe5
15. dxe5 Rxe5 16. Nf3 Re8 17. Qf5 Nc6 18. Ng5 Qf6 19. Qxh7+ Kf8 20. Rxf6 1-0

[Event "Tournoi Skype 019B"]
[Site "Skype"]
[Date "????.??.??"]
[Round "2.25"]
[White "Douichi, Mohammed"]
[Black "Mimouni, Driss"]
[Result "1-0"]
[WhiteElo "1209"]
[BlackElo "1000"]
[PlyCount "65"]

1. e4 e5 2. Nf3 Nf6 3. Bc4 Bb4 4. Nxe5 d5 5. exd5 Ne4 6. Nf3 Bc5 7. O-O Bxf2+
8. Kh1 Bg4 9. Qe2 Qf6 10. Qxe4+ Qe6 11. dxe6 Bxf3 12. exf7+ Kd8 13. Qe7+ Kxe7
14. Rxf2 Bc6 15. Re2+ Kd8 16. d3 Nd7 17. Bg5+ Nf6 18. Nc3 b5 19. Bb3 h6 20.
Bxf6+ gxf6 21. Ne4 Bxe4 22. Rxe4 Kd7 23. Bd5 Kd6 24. Bxa8 Rxa8 25. Re8 Kc6 26.
Rxa8 a5 27. Rxa5 f5 28. f8=Q Kb6 29. Qb4 c6 30. Re1 c5 31. Qxb5+ Kc7 32. Re7+
Kd6 33. Qxc5# 1-0

[Event "Tournoi Skype 019B"]
[Site "Skype"]
[Date "????.??.??"]
[Round "2.26"]
[White "Marty, Yvette"]
[Black "Levantini, Claudio"]
[Result "0-1"]
[WhiteElo "1000"]
[BlackElo "1200"]
[PlyCount "42"]

1. e4 Nf6 2. Nc3 d5 3. e5 Ne4 4. Nce2 Nc6 5. d3 Nc5 6. d4 Ne4 7. Nh3 Bf5 8. Ng5
Nxg5 9. Bxg5 f6 10. Bf4 fxe5 11. dxe5 e6 12. c4 d4 13. Qb3 Bb4+ 14. Kd1 Rb8 15.
Nc1 O-O 16. Nd3 Bxd3 17. Bxd3 Rxf4 18. g3 Rxf2 19. Bc2 Rd2+ 20. Kc1 Qg5 21. Qd3
Rxd3+ 0-1

[Event "Tournoi Skype 019B"]
[Site "Skype"]
[Date "????.??.??"]
[Round "2.27"]
[White "Schnell, Nicolas"]
[Black "Lequeux, Pierre"]
[Result "0-1"]
[WhiteElo "1000"]
[BlackElo "1181"]
[PlyCount "96"]

1. e4 e5 2. d3 Nf6 3. Nc3 Nc6 4. Bg5 Be7 5. Nd5 d6 6. d4 Nxd4 7. c3 Ne6 8. h4
O-O 9. Bd3 c6 10. Nb4 Bd7 11. Rh3 Nc5 12. Bc4 Bxh3 13. gxh3 Nfxe4 14. Qf3 d5
15. Be2 Bxg5 16. hxg5 Nxg5 17. Qg4 f5 18. Qh4 e4 19. Bh5 a5 20. Nc2 Nd3+ 21.
Ke2 Nxb2 22. f3 g6 23. f4 Nf3 24. Qg3 Nxg1+ 25. Rxg1 Kh8 26. Bxg6 Rg8 27. h4
Rxg6 28. Qh2 Rxg1 29. Qxg1 Qxh4 30. Qd4+ Kg8 31. Qe5 Qh2+ 32. Ke3 Nc4+ 33. Kd4
Nxe5 34. fxe5 Qxc2 35. e6 Re8 36. Ke5 Qxc3+ 37. Kd6 Rxe6+ 38. Kxe6 e3 39. a4 e2
40. Kd6 Qb4+ 41. Kc7 e1=Q 42. Kc8 Qe8+ 43. Kc7 Qbe7+ 44. Kb6 Q7d8+ 45. Kxb7
Qb8+ 46. Ka6 Qf4 47. Kxa5 Qeb8 48. Ka6 Qxa4# 0-1

[Event "Tournoi Skype 019B"]
[Site "Skype"]
[Date "????.??.??"]
[Round "2.28"]
[White "Guillaume, Mickael"]
[Black "Tekes, Gamze"]
[Result "1-0"]
[WhiteElo "1180"]
[BlackElo "1000"]
[PlyCount "29"]

1. d4 g6 2. e4 Nf6 3. e5 Nd5 4. Nc3 e6 5. a3 Bg7 6. Nxd5 exd5 7. Be3 O-O 8. Qd2
Nc6 9. c3 Qe8 10. Bh6 Bxh6 11. Qxh6 d6 12. Nf3 dxe5 13. Ng5 exd4+ 14. Be2 Qe5
15. Qxh7# 1-0

[Event "Tournoi Skype 019B"]
[Site "Skype"]
[Date "????.??.??"]
[Round "2.29"]
[White "Tu, Harrison"]
[Black "Baker, Abi"]
[Result "0-1"]
[WhiteElo "1000"]
[BlackElo "1165"]
[PlyCount "30"]

1. e4 e6 2. d4 d5 3. exd5 Nf6 4. Nf3 Nxd5 5. Bb5+ Bd7 6. Nc3 a6 7. Bxd7+ Qxd7
8. O-O Nxc3 9. bxc3 Nc6 10. Qe2 O-O-O 11. c4 Nxd4 12. Bg5 Nxe2+ 13. Kh1 Be7 14.
Bxe7 Qxe7 15. Nd4 Rxd4 0-1

[Event "Tournoi Skype 019B"]
[Site "Skype"]
[Date "????.??.??"]
[Round "3.1"]
[White "Perez Fermin, Jose"]
[Black "Bustos, Ricardo"]
[Result "1-0"]
[WhiteElo "1542"]
[BlackElo "1379"]
[PlyCount "90"]

1. e4 c5 2. Nf3 d6 3. d4 cxd4 4. Nxd4 Nf6 5. Nc3 a6 6. Bg5 e6 7. Qd2 Be7 8.
O-O-O O-O 9. f4 b5 10. Nce2 Nxe4 11. Qe3 Nxg5 12. h4 Qb6 13. hxg5 Nc6 14. Qg3
g6 15. Qh2 h5 16. gxh6 Kh7 17. g4 Bb7 18. Rg1 Rac8 19. Kb1 Nb4 20. Nc3 Bf6 21.
Qd2 Bxd4 22. Qxd4 Qxd4 23. Rxd4 Nd5 24. Nxd5 Bxd5 25. g5 Rfd8 26. Bh3 Rc4 27.
Rxc4 Bxc4 28. a3 a5 29. c3 a4 30. Kc1 d5 31. Rd1 Bb3 32. Rd2 Rc8 33. Bf1 Bc4
34. Bg2 Rd8 35. Kd1 Bb3+ 36. Ke1 Rc8 37. Kf2 Rc4 38. Ke3 Rc7 39. Bf1 Bc4 40.
Be2 Bxe2 41. Kxe2 Rc4 42. Ke3 Re4+ 43. Kf3 Re1 44. Rd4 Rc1 45. Rb4 Rxc3+ 1-0

[Event "Tournoi Skype 019B"]
[Site "Skype"]
[Date "????.??.??"]
[Round "3.2"]
[White "Malbec, Robert"]
[Black "Torres, Vicky"]
[Result "1-0"]
[WhiteElo "1504"]
[BlackElo "1321"]
[PlyCount "99"]

1. e4 e5 2. Nf3 Nc6 3. Bc4 Nd4 4. d3 Nxf3+ 5. Qxf3 Nf6 6. Bg5 Be7 7. O-O O-O 8.
Nd2 d5 9. exd5 Nxd5 10. Bxe7 Nxe7 11. Rfe1 Nc6 12. Qg3 Re8 13. Nf3 Qf6 14. Bb5
e4 15. Bxc6 bxc6 16. dxe4 Qxb2 17. Qxc7 Qxc2 18. Ng5 Be6 19. a3 Qc5 20. Nf3
Rac8 21. Qf4 f6 22. e5 f5 23. Red1 Rb8 24. Ng5 g6 25. Rd6 Bc4 26. Nf3 Rb2 27.
Qe3 Qxe3 28. fxe3 Bd5 29. Rd7 a6 30. Ra7 Re2 31. Rxa6 Rxe3 32. Kf2 f4 33. Re1
Rc3 34. Ra7 Rc2+ 35. Re2 Be4 36. Rxc2 Bxc2 37. Rc7 Ba4 38. Ke2 h5 39. Kd3 Rd8+
40. Ke4 Bb5 41. Kxf4 Rf8+ 42. Kg5 Rf5+ 43. Kxg6 Rf8 44. Kxh5 Rf5+ 45. Kg4 Rf8
46. e6 Re8 47. Nd4 Ba4 48. e7 Kf7 49. Nf5 Kf6 50. Kf4 1-0